000 00635nam a2200193Ia 4500
003 OSt
005 20250901100108.0
020 _a0-87692-489-5
040 _cLC
050 _aHC 59 .S 734 1987
_b1
100 _aEDITOR LINDA STARKE
245 0 _aSTATE OF THE WORLD 1987: A WORLDWATCH INSTITUTE REPORT ON PROGRESS TOWARD A SUSTAINABLE SOCIETY
260 _aNEW DELHI,
_bPRENTICE HALL OF INDIA PRIVATE LIMITED,
_c1987,
300 _aXVii, 268 P, ILL
500 _aINCLUDES BIBLIOGRAPHICAL REFERENCES AND INDEX
650 _aEconomic history-1971-1990-Periodicals
700 _aBROWN LESTER R, WOLF EDWARD C
942 _cBK
_2lcc
_n0
999 _c160412
_d160412